[Event "St Petersburg Zak Memorial"]
[Site "St Petersburg"]
[Date "2007.04.01"]
[Round "9"]
[White "Bronnikova, Elizaveta"]
[Black "Kryschilovskij, Andrej"]
[Result "1/2-1/2"]
[WhiteElo "2287"]
[BlackElo "2339"]
[PlyCount "34"]
[EventDate "2007.03.24"]
[EventType "team"]
[EventRounds "9"]
[EventCountry "RUS"]
[SourceTitle "CBM 117 Extra"]
[Source "ChessBase"]
[SourceDate "2007.05.09"]
[SourceVersion "1"]
[SourceVersionDate "2007.05.09"]
[SourceQuality "1"]

1. e4 e5 2. Nf3 Nc6 3. Bb5 a6 4. Ba4 Nf6 5. 0-0 Be7 6. Re1 b5 7. Bb3 d6 8. c3 0-0 9. h3 Bb7 10. d4 Re8 11. Nbd2 Bf8 12. d5 Nb8 13. Nf1 Nbd7 14. a4 Nc5 15. Bg5 h6 16. Bxf6 Qxf6 17. Bc2 c6 1/2-1/2

[Event "St Petersburg Zak Memorial"]
[Site "St Petersburg"]
[Date "2007.03.28"]
[Round "5"]
[White "Lovkov, Roman"]
[Black "Kryschilovskij, Andrej"]
[Result "0-1"]
[WhiteElo "2429"]
[BlackElo "2339"]
[PlyCount "68"]
[EventDate "2007.03.24"]
[EventType "team"]
[EventRounds "9"]
[EventCountry "RUS"]
[SourceTitle "CBM 117 Extra"]
[Source "ChessBase"]
[SourceDate "2007.05.09"]
[SourceVersion "1"]
[SourceVersionDate "2007.05.09"]
[SourceQuality "1"]

1. d4 Nf6 2. Nf3 e6 3. c4 b6 4. g3 Bb7 5. Bg2 Be7 6. 0-0 0-0 7. Nc3 Ne4 8. Re1 Nxc3 9. bxc3 Nc6 10. e4 Na5 11. Nd2 d6 12. f4 Qd7 13. Bf1 e5 14. Nf3 f5 15. d5 fxe4 16. Rxe4 Qg4 17. Bg2 Rae8 18. Qe2 Qh5 19. fxe5 dxe5 20. Be3 Bc8 21. Rxe5 Qf7 22. Re1 Bg4 23. Bd4 c5 24. Rxe7 Rxe7 25. Qxe7 Qxe7 26. Rxe7 cxd4 27. Nxd4 Nxc4 28. Rxa7 Ne3 29. Re7 Nxg2 30. Kxg2 Ra8 31. d6 Rxa2+ 32. Kg1 Kf8 33. Rb7 Bh3 34. d7 Rg2+ 0-1

[Event "St Petersburg Zak Memorial"]
[Site "St Petersburg"]
[Date "2007.03.27"]
[Round "4"]
[White "Kryschilovskij, Andrej"]
[Black "Kazakevich, Grigoriy"]
[Result "1-0"]
[WhiteElo "2339"]
[BlackElo "2115"]
[PlyCount "115"]
[EventDate "2007.03.24"]
[EventType "team"]
[EventRounds "9"]
[EventCountry "RUS"]
[SourceTitle "CBM 117 Extra"]
[Source "ChessBase"]
[SourceDate "2007.05.09"]
[SourceVersion "1"]
[SourceVersionDate "2007.05.09"]
[SourceQuality "1"]

1. d4 Nf6 2. Nf3 d6 3. c4 g6 4. Nc3 Bg7 5. e4 0-0 6. Be2 e5 7. 0-0 Nbd7 8. Qc2 Re8 9. d5 a5 10. Bg5 h6 11. Bh4 Nc5 12. Nd2 Bd7 13. Rab1 Qc8 14. Rbe1 Nh7 15. Kh1 f5 16. exf5 Bxf5 17. Nde4 Rf8 18. f3 Nxe4 19. fxe4 Bg4 20. Rxf8+ Nxf8 21. Bf1 Nh7 22. Bf2 b6 23. Be3 Nf6 24. Be2 Bxe2 25. Qxe2 Qg4 26. h3 Qxe2 27. Rxe2 Rf8 28. g4 Rf7 29. Kg2 g5 30. b3 Kf8 31. a3 Ng8 32. Nb5 Ke8 33. b4 axb4 34. axb4 Nf6 35. Bxb6 cxb6 36. Nxd6+ Ke7 37. Nxf7 Kxf7 38. Ra2 Bf8 39. Ra7+ Ke8 40. Ra8+ Kf7 41. Rb8 Nd7 42. Rd8 Ke7 43. Rc8 Kf7 44. Rc7 Ke8 45. b5 Bc5 46. Rc6 Kf7 47. Kf3 Nf6 48. Re6 Bd4 49. Rc6 Bc5 50. Rc7+ Kg6 51. Rc6 Kf7 52. Rc7+ Kg6 53. Rc8 Kf7 54. Rc6 Bd4 55. Rc7+ Ke8 56. d6 Nd7 57. Rc8+ Kf7 58. Rh8 1-0

[Event "St Petersburg-ch sf"]
[Site "St Petersburg"]
[Date "2007.02.17"]
[Round "8"]
[White "Kryschilovskij, Andrej"]
[Black "Vunder, Andrei"]
[Result "1/2-1/2"]
[WhiteElo "2339"]
[BlackElo "2255"]
[PlyCount "44"]
[EventDate "2007.02.10"]
[EventType "swiss"]
[EventRounds "9"]
[EventCountry "RUS"]
[SourceTitle "EXT 2008"]
[Source "ChessBase"]
[SourceDate "2007.11.25"]
[SourceVersion "1"]
[SourceVersionDate "2007.11.25"]
[SourceQuality "1"]

1. Nf3 d5 2. c4 c6 3. e3 Nf6 4. Nc3 Bg4 5. cxd5 Bxf3 6. Qxf3 cxd5 7. g4 e6 8. g5 Nfd7 9. h4 Nc6 10. d4 Nb6 11. Bd3 a6 12. 0-0 Be7 13. Qg4 h5 14. Qg2 g6 15. Rd1 0-0 16. b3 Rc8 17. Bb2 Qd7 18. Rac1 Rfd8 19. Ne2 Bd6 20. f4 Ne7 21. Ng3 Nf5 22. Nxf5 exf5 1/2-1/2

[Event "St Petersburg Autumn op"]
[Site "St Petersburg"]
[Date "2006.11.08"]
[Round "9"]
[White "Karalkin, Maksim"]
[Black "Kryschilovskij, Andrej"]
[Result "1-0"]
[WhiteElo "2303"]
[BlackElo "2339"]
[PlyCount "85"]
[EventDate "2006.10.31"]
[EventType "swiss"]
[EventRounds "9"]
[EventCountry "RUS"]
[SourceTitle "EXT 2007"]
[Source "ChessBase"]
[SourceDate "2006.11.23"]
[SourceVersion "1"]
[SourceVersionDate "2006.11.23"]
[SourceQuality "1"]

1. e4 g6 2. d4 Bg7 3. Nc3 d6 4. f4 c6 5. Nf3 Bg4 6. Be3 e6 7. h3 Bxf3 8. Qxf3 Ne7 9. e5 0-0 10. g4 Qa5 11. Bd3 c5 12. exd6 Nd5 13. Bd2 Nxc3 14. Qxb7 Qb6 15. Qxb6 axb6 16. Bxc3 cxd4 17. Bd2 Rd8 18. 0-0 Rxd6 19. f5 Nd7 20. fxe6 fxe6 21. Bc4 Kh8 22. a4 Rc8 23. Bb4 Rdc6 24. Bb5 R6c7 25. Rae1 Nc5 26. c3 e5 27. Kg2 Ra7 28. cxd4 exd4 29. Bxc5 bxc5 30. b3 Rd8 31. Re6 Bh6 32. Rc6 Bf8 33. g5 Kg7 34. Rf3 Bd6 35. h4 Rc7 36. Rb6 Ra7 37. Bc4 Re7 38. a5 Bb8 39. a6 Ba7 40. Rc6 Rf8 41. Rcf6 Rfe8 42. Rf7+ Kh8 43. Rxe7 1-0

[Event "St Petersburg Autumn op"]
[Site "St Petersburg"]
[Date "2006.11.04"]
[Round "5"]
[White "Urjubdshzirov, Erdni"]
[Black "Kryschilovskij, Andrej"]
[Result "1/2-1/2"]
[WhiteElo "2197"]
[BlackElo "2339"]
[PlyCount "52"]
[EventDate "2006.10.31"]
[EventType "swiss"]
[EventRounds "9"]
[EventCountry "RUS"]
[SourceTitle "EXT 2007"]
[Source "ChessBase"]
[SourceDate "2006.11.23"]
[SourceVersion "1"]
[SourceVersionDate "2006.11.23"]
[SourceQuality "1"]

1. e4 e5 2. Nf3 Nc6 3. Bb5 a6 4. Ba4 Nf6 5. 0-0 Be7 6. Re1 b5 7. Bb3 d6 8. c3 0-0 9. d4 Bg4 10. Be3 Bh5 11. Nbd2 Ng4 12. Nf1 Nxe3 13. Nxe3 Bxf3 14. gxf3 Bg5 15. Kh1 Ne7 16. dxe5 dxe5 17. Qxd8 Raxd8 18. Rad1 c6 19. Kg1 h5 20. Kf1 g6 21. a4 Kg7 22. Ke2 Bf4 23. h3 Rb8 24. Rd2 Rfd8 25. Rxd8 Rxd8 26. axb5 axb5 1/2-1/2

[Event "Pardubice op-A"]
[Site "Pardubice"]
[Date "2006.07.22"]
[Round "2"]
[White "Zhigalko, Sergei"]
[Black "Kryschilovskij, Andrej"]
[Result "1-0"]
[WhiteElo "2487"]
[BlackElo "2357"]
[PlyCount "77"]
[EventDate "2006.07.21"]
[EventType "swiss"]
[EventRounds "9"]
[EventCountry "CZE"]
[SourceTitle "CBM 113 Extra"]
[Source "ChessBase"]
[SourceDate "2006.09.14"]
[SourceVersion "1"]
[SourceVersionDate "2006.09.14"]
[SourceQuality "1"]

1. e4 e5 2. Nf3 Nc6 3. Bb5 a6 4. Ba4 Nf6 5. 0-0 Be7 6. Re1 b5 7. Bb3 d6 8. c3 0-0 9. h3 Nb8 10. d4 Nbd7 11. Nbd2 Bb7 12. Bc2 Re8 13. Nf1 Bf8 14. Ng3 g6 15. b3 Bg7 16. d5 Qe7 17. Be3 c5 18. a4 bxa4 19. Rxa4 Reb8 20. Bd3 Bc8 21. Nd2 Nb6 22. Ra5 Ne8 23. b4 cxb4 24. cxb4 Nc7 25. Qc2 Rb7 26. Rc1 Nd7 27. Ra3 Nf6 28. Rc3 Nfe8 29. Nb3 f5 30. Na5 f4 31. Nxb7 fxe3 32. Rxc7 exf2+ 33. Kf1 Nxc7 34. Qxc7 Bd7 35. Qxd6 Qg5 36. Ne2 Bg4 37. hxg4 Rf8 38. Qe6+ Kh8 39. Rc8 1-0

[Event "St Petersburg White Nights op"]
[Site "St Petersburg"]
[Date "2006.06.23"]
[Round "1"]
[White "Manina, Ksenia"]
[Black "Kryschilovskij, Andrej"]
[Result "0-1"]
[WhiteElo "2072"]
[BlackElo "2347"]
[PlyCount "116"]
[EventDate "2006.06.23"]
[EventType "swiss"]
[EventRounds "9"]
[EventCountry "RUS"]
[SourceTitle "CBM 112 Extra"]
[Source "ChessBase"]
[SourceDate "2006.07.14"]
[SourceVersion "1"]
[SourceVersionDate "2006.07.14"]
[SourceQuality "1"]

1. e4 e5 2. Nf3 Nc6 3. Bb5 a6 4. Ba4 Nf6 5. 0-0 Be7 6. Re1 b5 7. Bb3 d6 8. c3 0-0 9. d4 Bg4 10. d5 Na5 11. Bc2 c6 12. dxc6 Qc7 13. h3 Be6 14. Bg5 Nc4 15. b3 Nb6 16. Be3 h6 17. Qe2 Qxc6 18. Bxb6 Qxb6 19. Qe3 Qxe3 20. Rxe3 Rfc8 21. a4 b4 22. c4 Bd8 23. Nbd2 Bb6 24. Re2 g6 25. Nf1 Kg7 26. Ne3 Nd7 27. Rd1 Bc5 28. Ne1 Nb8 29. Nd5 Nc6 30. Nd3 Rab8 31. Nxc5 dxc5 32. f3 Nd4 33. Red2 a5 34. Kf2 Rb7 35. Rf1 f5 36. Ke3 f4+ 37. Kd3 g5 38. Bd1 Rf7 39. Rdf2 h5 40. Rh1 Rh8 41. Rff1 Rh6 42. Rfg1 Rg6 43. Rh2 Kf8 44. Rgh1 Ke8 45. Kd2 Kd7 46. Kd3 Kd6 47. Kd2 Rg8 48. Kd3 Bxd5 49. cxd5 c4+ 50. bxc4 h4 51. Rf1 Rc7 52. Rf2 Rgc8 53. Rb2 Rxc4 54. Rh1 Rc3+ 55. Kd2 Re3 56. Re1 Rcc3 57. Rxe3 fxe3+ 58. Ke1 Rc1 0-1

[Event "St Petersburg Autumn op"]
[Site "St Petersburg"]
[Date "2005.11.06"]
[Round "9"]
[White "Golovankov, Vladimir"]
[Black "Kryschilovskij, Andrej"]
[Result "0-1"]
[WhiteElo "2314"]
[BlackElo "2391"]
[PlyCount "92"]
[EventDate "2005.10.29"]
[EventType "swiss"]
[EventRounds "9"]
[EventCountry "RUS"]
[SourceTitle "EXT 2006"]
[Source "ChessBase"]
[SourceDate "2005.11.24"]
[SourceVersion "1"]
[SourceVersionDate "2005.11.24"]
[SourceQuality "1"]

1. f4 g6 2. Nf3 Bg7 3. g3 b6 4. Bg2 Bb7 5. c4 c5 6. Nc3 Nf6 7. 0-0 0-0 8. d4 cxd4 9. Nxd4 Bxg2 10. Kxg2 d5 11. cxd5 Nxd5 12. e3 Nxc3 13. bxc3 Qc7 14. Bd2 Nd7 15. Rc1 e5 16. Nf3 Rad8 17. Qe2 Nc5 18. Rc2 Rfe8 19. Qc4 exf4 20. gxf4 Qb7 21. Kg1 Ne4 22. Qe2 Rc8 23. Rfc1 Qd7 24. Be1 Qg4+ 25. Qg2 Qf5 26. Nd4 Qh5 27. Qe2 Qd5 28. c4 Qd7 29. Nb3 Qf5 30. Rd1 Rcd8 31. Rxd8 Rxd8 32. Rc1 Re8 33. Rd1 Nf6 34. Nd4 Qh3 35. Nf3 Ne4 36. Rd5 Bf6 37. a4 Kg7 38. a5 h5 39. axb6 axb6 40. Rb5 Ra8 41. Ng5 Bxg5 42. fxg5 Kh7 43. Re5 Nc5 44. Qf2 Qg4+ 45. Kf1 Qxc4+ 46. Qe2 Nd3 0-1

[Event "St Petersburg Autumn op"]
[Site "St Petersburg"]
[Date "2005.10.31"]
[Round "3"]
[White "Eltsov, Valery"]
[Black "Kryschilovskij, Andrej"]
[Result "1/2-1/2"]
[WhiteElo "2124"]
[BlackElo "2391"]
[PlyCount "48"]
[EventDate "2005.10.29"]
[EventType "swiss"]
[EventRounds "9"]
[EventCountry "RUS"]
[SourceTitle "EXT 2006"]
[Source "ChessBase"]
[SourceDate "2005.11.24"]
[SourceVersion "1"]
[SourceVersionDate "2005.11.24"]
[SourceQuality "1"]

1. e4 c5 2. Nf3 d6 3. d4 cxd4 4. Nxd4 Nf6 5. Nc3 g6 6. Be3 Bg7 7. f3 0-0 8. Qd2 Nc6 9. 0-0-0 Nxd4 10. Bxd4 Be6 11. Kb1 b5 12. g4 b4 13. Nd5 Bxd5 14. exd5 a5 15. g5 Nh5 16. Bxg7 Kxg7 17. f4 Qb6 18. Be2 Qf2 19. Bxh5 Qxd2 20. Rxd2 gxh5 21. Re1 Rae8 22. Rde2 e6 23. Kc1 h4 24. Kd2 h6 1/2-1/2

[Event "St Petersburg Autumn op"]
[Site "St Petersburg"]
[Date "2005.10.30"]
[Round "2"]
[White "Kryschilovskij, Andrej"]
[Black "Pankov, German"]
[Result "0-1"]
[WhiteElo "2391"]
[BlackElo "2270"]
[PlyCount "126"]
[EventDate "2005.10.29"]
[EventType "swiss"]
[EventRounds "9"]
[EventCountry "RUS"]
[SourceTitle "EXT 2006"]
[Source "ChessBase"]
[SourceDate "2005.11.24"]
[SourceVersion "1"]
[SourceVersionDate "2005.11.24"]
[SourceQuality "1"]

1. d4 Nf6 2. c4 c5 3. d5 b5 4. cxb5 a6 5. b6 a5 6. Nc3 Ba6 7. Nf3 d6 8. e4 Bxf1 9. b7 Ra7 10. Kxf1 Nbd7 11. g3 g6 12. Kg2 Rxb7 13. Re1 Bg7 14. h3 0-0 15. Rb1 Nb6 16. Qc2 Qa8 17. a4 e6 18. Rd1 exd5 19. exd5 Re7 20. Bf4 Nbxd5 21. Nxd5 Nxd5 22. Bg5 Nb4 23. Qd2 Re6 24. b3 Rfe8 25. Re1 Rxe1 26. Rxe1 Rxe1 27. Qxe1 Nc2 28. Qd1 Qe4 29. Bd2 Qd3 30. Qf1 Qd5 31. Qc4 Qxc4 32. bxc4 Na3 33. Bxa5 Nxc4 34. Be1 Bf6 35. a5 Bd8 36. a6 Bb6 37. Bc3 Kf8 38. Bf6 Ke8 39. Ng5 h6 40. Ne4 Kd7 41. Bg7 h5 42. Ng5 Ke7 43. Kf3 d5 44. Ke2 Ba7 45. Nh7 Na5 46. Nf6 Ke6 47. Ne8 Kd7 48. Nf6+ Kc6 49. g4 hxg4 50. Nxg4 Kd6 51. Ne5 Ke6 52. f4 Kf5 53. Kf3 Ke6 54. f5+ Kxf5 55. Nxf7 Nc6 56. Nd6+ Ke6 57. Nb5 Bb6 58. Kg4 Na7 59. Nc3 d4 60. Na4 Nc8 61. Kg5 Ba7 62. Bf8 c4 63. Kxg6 c3 0-1

[Event "St Petersburg White Nights op"]
[Site "St Petersburg"]
[Date "2005.06.26"]
[Round "9"]
[White "Kryschilovskij, Andrej"]
[Black "Abramov, Valentin"]
[Result "0-1"]
[WhiteElo "2397"]
[BlackElo "2263"]
[PlyCount "110"]
[EventDate "2005.06.18"]
[EventType "swiss"]
[EventRounds "9"]
[EventCountry "RUS"]
[SourceTitle "CBM 106 Extra"]
[Source "ChessBase"]
[SourceDate "2005.07.01"]
[SourceVersion "1"]
[SourceVersionDate "2005.07.01"]
[SourceQuality "1"]

1. d4 Nf6 2. c4 c5 3. d5 b5 4. cxb5 a6 5. b6 Qxb6 6. Nc3 d6 7. e4 g6 8. Be2 Bg7 9. Nf3 Nbd7 10. 0-0 0-0 11. h3 Ne8 12. Nd2 Qb8 13. Nc4 Nb6 14. Na5 Bd7 15. Bg4 Qc7 16. Bxd7 Nxd7 17. Nc4 Ne5 18. Nxe5 Bxe5 19. Bh6 Ng7 20. Qd2 Rfb8 21. Rac1 Qa5 22. f4 Bd4+ 23. Kh2 f6 24. b3 Qb4 25. Qd3 Qa3 26. Rc2 Rb4 27. Nb1 Qa5 28. Nd2 Qb5 29. Rc4 Rxc4 30. bxc4 Qb2 31. Rb1 Qxa2 32. Rb7 Re8 33. Nf3 Bf2 34. Bxg7 Kxg7 35. e5 dxe5 36. fxe5 fxe5 37. Ng5 Bh4 38. Ne6+ Kh8 39. d6 exd6 40. Qxd6 Qf2 41. Rb3 Qf6 42. Rb8 Rg8 43. Rb7 Re8 44. Qc7 Qe7 45. Qxe7 Bxe7 46. Nc7 Rc8 47. Nd5 Bd8 48. Kg3 Ra8 49. Kf3 a5 50. Ke4 a4 51. Nc3 a3 52. Na2 Bf6 53. Kd5 Rd8+ 54. Ke6 Bg7 55. Nc3 e4 0-1

[Event "St Petersburg White Nights op"]
[Site "St Petersburg"]
[Date "2005.06.25"]
[Round "8"]
[White "Utkin, Aleksey"]
[Black "Kryschilovskij, Andrej"]
[Result "1-0"]
[WhiteElo "2387"]
[BlackElo "2397"]
[PlyCount "87"]
[EventDate "2005.06.18"]
[EventType "swiss"]
[EventRounds "9"]
[EventCountry "RUS"]
[SourceTitle "CBM 106 Extra"]
[Source "ChessBase"]
[SourceDate "2005.07.01"]
[SourceVersion "1"]
[SourceVersionDate "2005.07.01"]
[SourceQuality "1"]

1. d4 Nf6 2. Nf3 e6 3. e3 b6 4. Bd3 Bb7 5. Nbd2 c5 6. 0-0 d6 7. b3 Nbd7 8. Bb2 a6 9. Qe2 Be7 10. c3 Nd5 11. g3 cxd4 12. exd4 0-0 13. c4 Nb4 14. Bb1 d5 15. a3 Nc6 16. Bd3 Bf6 17. cxd5 exd5 18. Ne5 Bxe5 19. dxe5 Nc5 20. f4 a5 21. Rf2 Rc8 22. Bf5 Rc7 23. Qg4 h6 24. e6 fxe6 25. Bxe6+ Nxe6 26. Qxe6+ Rff7 27. Nf3 Rce7 28. Qg6 d4 29. Rd1 Qd5 30. Qd3 Re4 31. Qc4 Qh5 32. Bxd4 b5 33. Qc5 Qg4 34. Be3 Rd7 35. Rxd7 Qxd7 36. Rd2 Qf7 37. Rd3 a4 38. Qxb5 Kh7 39. bxa4 Ba8 40. Nh4 Ne7 41. Qb1 Ng6 42. Rd8 Nxh4 43. Rxa8 Qg6 44. Ra6 1-0

[Event "St Petersburg White Nights op"]
[Site "St Petersburg"]
[Date "2005.06.19"]
[Round "2"]
[White "Rodkin, Felix"]
[Black "Kryschilovskij, Andrej"]
[Result "0-1"]
[WhiteElo "2198"]
[BlackElo "2397"]
[PlyCount "196"]
[EventDate "2005.06.18"]
[EventType "swiss"]
[EventRounds "9"]
[EventCountry "RUS"]
[SourceTitle "CBM 106 Extra"]
[Source "ChessBase"]
[SourceDate "2005.07.01"]
[SourceVersion "1"]
[SourceVersionDate "2005.07.01"]
[SourceQuality "1"]

1. d4 Nf6 2. Nc3 g6 3. e4 d6 4. Nf3 Bg7 5. Be2 0-0 6. 0-0 Bg4 7. Nd2 Bc8 8. Nb3 Nbd7 9. Be3 c6 10. a4 b6 11. Qd2 Re8 12. Rfd1 Qc7 13. f3 a6 14. Na2 c5 15. c4 cxd4 16. Nxd4 Nc5 17. Nc1 Bd7 18. a5 bxa5 19. Rxa5 Reb8 20. b4 Na4 21. Ncb3 Qb7 22. Ra1 Qxb4 23. Qxb4 Rxb4 24. Bd2 Rab8 25. Bxb4 Rxb4 26. Ra3 Ne8 27. Rxa6 Nc5 28. Ra8 Kf8 29. Kf2 Nxb3 30. Nxb3 Bb2 31. R3a7 Bc6 32. Nd2 Bd4+ 33. Ke1 Rb2 34. Kd1 Be3 35. Nf1 Bc5 36. Ra2 Rb1+ 37. Kc2 Re1 38. Kd3 Bxa8 39. Rxa8 e6 40. f4 Ke7 41. Nd2 Nc7 42. Ra2 h5 43. Nb3 Bg1 44. Kd2 Bf2 45. Ra1 Rxa1 46. Nxa1 Na6 47. Nb3 Nb4 48. Bf3 Bg1 49. h3 h4 50. Kc3 Na6 51. Nd4 Be3 52. f5 Bxd4+ 53. Kxd4 e5+ 54. Ke3 Kf6 55. fxg6 fxg6 56. Be2 Nc5 57. Kf3 Kg5 58. Ke3 Nb3 59. Bg4 Nc5 60. Bd1 Ne6 61. Kf3 Nf4 62. Ba4 Nd3 63. Bd1 Nb2 64. Be2 Na4 65. Bd1 Nc5 66. Bc2 Ne6 67. Ke3 Nd4 68. Ba4 Ne6 69. Bd1 Nf4 70. Kf3 Nd3 71. Ke3 Nf4 72. Kf3 Nh5 73. Ba4 Ng3 74. Bc2 Nf1 75. Ke2 Ng3+ 76. Kf3 Nh5 77. Ba4 Nf6 78. Bc6 Ng8 79. Bd5 Nf6 80. Bc6 Kh6 81. Ba4 Kg7 82. Ke3 Kf7 83. Bd1 Ke7 84. Kd3 Kd7 85. Bf3 Kc6 86. Bd1 Kc5 87. Be2 Nd7 88. Bg4 Nf6 89. Be6 Nh5 90. Bf7 Nf4+ 91. Ke3 Nxg2+ 92. Kf3 Nf4 93. Kg4 g5 94. Bg8 Kd4 95. Bh7 Kxc4 96. Kxg5 Nxh3+ 97. Kxh4 Nf2 98. Kg3 Nd1 0-1

[Event "Chigorin Memorial-A 10th"]
[Site "St Petersburg"]
[Date "2002.10.28"]
[Round "4"]
[White "Potkin, Vladimir"]
[Black "Kryschilovskij, Andrej"]
[Result "1-0"]
[WhiteElo "2495"]
[BlackElo "2390"]
[PlyCount "85"]
[EventDate "2002.10.25"]
[EventType "swiss"]
[EventRounds "9"]
[EventCountry "RUS"]
[SourceTitle "EXT 2003"]
[Source "ChessBase"]
[SourceDate "2002.11.25"]
[SourceVersion "1"]
[SourceVersionDate "2002.11.25"]
[SourceQuality "1"]

1. e4 c5 2. Nf3 d6 3. d4 cxd4 4. Nxd4 Nf6 5. Nc3 Nc6 6. Bc4 Qb6 7. Nb3 e6 8. Bf4 Ne5 9. Be2 Bd7 10. Qd2 a6 11. 0-0-0 Qc7 12. f3 h5 13. Nd4 Qa5 14. Kb1 b5 15. Nd5 Qxd2 16. Nxf6+ gxf6 17. Bxd2 Rg8 18. g3 Bc8 19. Nb3 Nc6 20. c4 bxc4 21. Bxc4 Bb7 22. Be2 Rd8 23. Rc1 d5 24. Na5 Nxa5 25. Bxa5 Rb8 26. exd5 Bxd5 27. Rhd1 Ba3 28. Rc2 Ke7 29. Bc7 Rb7 30. Bxa6 Ra7 31. Bb5 Bb4 32. a3 Ba5 33. Bxa5 Rxa5 34. Rc7+ Kf8 35. Bc6 Bxc6 36. Rxc6 Kg7 37. Rc7 Kg6 38. Kc2 h4 39. Rd4 hxg3 40. Rg4+ Rg5 41. Rxg5+ fxg5 42. hxg3 Rh8 43. a4 1-0

[Event "Petrov Memorial op"]
[Site "St Petersburg"]
[Date "2002.02.17"]
[Round "6"]
[White "Kryschilovskij, Andrej"]
[Black "Chepukaitis, Genrikh"]
[Result "1-0"]
[WhiteElo "2346"]
[BlackElo "2402"]
[PlyCount "75"]
[EventDate "2002.02.12"]
[EventType "swiss"]
[EventRounds "9"]
[EventCountry "RUS"]
[SourceTitle "CBM 086 Extra"]
[Source "ChessBase"]
[SourceDate "2002.03.14"]
[SourceVersion "1"]
[SourceVersionDate "2002.03.14"]
[SourceQuality "1"]

1. d4 e6 2. c4 Nf6 3. Nc3 Bb4 4. Qc2 d6 5. a3 Bxc3+ 6. Qxc3 a5 7. b3 b6 8. f3 c5 9. d5 0-0 10. e4 Re8 11. Bb2 Nbd7 12. dxe6 fxe6 13. 0-0-0 a4 14. Rxd6 e5 15. Ne2 Qe7 16. Rd1 Nb8 17. b4 Nc6 18. b5 Nd4 19. Qe3 Be6 20. Nc3 Qf7 21. Nd5 Nxd5 22. exd5 Bf5 23. Bd3 Qg6 24. Bxf5 Qxf5 25. Qd3 e4 26. fxe4 Rxe4 27. Bxd4 Qf4+ 28. Qd2 Rxd4 29. Qxf4 Rxf4 30. Rhe1 Rxc4+ 31. Kb2 Rg4 32. d6 Rd8 33. d7 Kf7 34. Rf1+ Kg8 35. Rfe1 Rxg2+ 36. Kc3 Kf7 37. Rf1+ Kg8 38. Rde1 1-0

[Event "Petrov Memorial op"]
[Site "St Petersburg"]
[Date "2002.02.14"]
[Round "3"]
[White "Yevseev, Denis"]
[Black "Kryschilovskij, Andrej"]
[Result "1/2-1/2"]
[WhiteElo "2540"]
[BlackElo "2346"]
[PlyCount "57"]
[EventDate "2002.02.12"]
[EventType "swiss"]
[EventRounds "9"]
[EventCountry "RUS"]
[SourceTitle "CBM 086 Extra"]
[Source "ChessBase"]
[SourceDate "2002.03.14"]
[SourceVersion "1"]
[SourceVersionDate "2002.03.14"]
[SourceQuality "1"]

1. d4 Nf6 2. c4 e6 3. g3 d5 4. Bg2 Be7 5. Nf3 0-0 6. 0-0 dxc4 7. Na3 c5 8. dxc5 Bxc5 9. Nxc4 Nc6 10. a3 a5 11. Nfe5 Nxe5 12. Nxe5 Nd7 13. Nd3 Bd4 14. Qc2 Qb6 15. Bd2 Nb8 16. e3 Bf6 17. Bc3 Bxc3 18. Qxc3 Bd7 19. Qc5 Ra6 20. Rac1 Bc6 21. Rfd1 Bxg2 22. Kxg2 Nd7 23. Qc7 Nf6 24. Ne5 h6 25. Rc2 Qxc7 26. Rxc7 Rb6 27. Rd2 Rb5 28. Nc4 Nd5 29. Rd7 1/2-1/2

[Event "Petrov Memorial op"]
[Site "St Petersburg"]
[Date "2002.02.12"]
[Round "1"]
[White "Kruppa, Yuri"]
[Black "Kryschilovskij, Andrej"]
[Result "1-0"]
[WhiteElo "2551"]
[BlackElo "2346"]
[PlyCount "75"]
[EventDate "2002.02.12"]
[EventType "swiss"]
[EventRounds "9"]
[EventCountry "RUS"]
[SourceTitle "CBM 086 Extra"]
[Source "ChessBase"]
[SourceDate "2002.03.14"]
[SourceVersion "1"]
[SourceVersionDate "2002.03.14"]
[SourceQuality "1"]

1. d4 Nf6 2. c4 e6 3. Nc3 Bb4 4. Bg5 h6 5. Bh4 c5 6. d5 Bxc3+ 7. bxc3 d6 8. e3 e5 9. Qc2 Qe7 10. Nf3 g5 11. Bg3 e4 12. Nd2 Bf5 13. Rb1 b6 14. Be2 Bg6 15. Qa4+ Nfd7 16. Rxb6 axb6 17. Qxa8 0-0 18. h3 f5 19. Bh2 f4 20. Bg4 Ne5 21. Be6+ Bf7 22. Bxf7+ Qxf7 23. 0-0 Qf5 24. Qa4 f3 25. Bxe5 fxg2 26. Kxg2 Qxe5 27. Qc2 Re8 28. f3 exf3+ 29. Rxf3 Kg7 30. Nf1 Qe4 31. Qe2 Rf8 32. Ng3 Qxf3+ 33. Qxf3 Rxf3 34. Kxf3 Kf6 35. Ke4 h5 36. Kf3 g4+ 37. hxg4 hxg4+ 38. Kf4 1-0

[Event "Chigorin Memorial 09th"]
[Site "St Petersburg"]
[Date "2001.10.31"]
[Round "6"]
[White "Masalov, Andrey"]
[Black "Kryschilovskij, Andrej"]
[Result "1/2-1/2"]
[WhiteElo "2228"]
[BlackElo "2384"]
[PlyCount "65"]
[EventDate "2001.10.26"]
[EventType "swiss"]
[EventRounds "9"]
[EventCountry "RUS"]
[SourceTitle "EXT 2002"]
[Source "ChessBase"]
[SourceDate "2001.11.25"]
[SourceVersion "1"]
[SourceVersionDate "2001.11.25"]
[SourceQuality "1"]

1. e4 c5 2. Nf3 d6 3. Bb5+ Nc6 4. h3 Bd7 5. 0-0 a6 6. Bxc6 Bxc6 7. Re1 e5 8. c3 Nf6 9. d4 Qc7 10. Nbd2 Be7 11. Qc2 b5 12. dxe5 dxe5 13. c4 0-0 14. b3 Nh5 15. Bb2 f6 16. Nf1 Qb7 17. N3d2 Nf4 18. Ne3 Ne6 19. Nd5 Bd6 20. Qd3 Nd4 21. b4 Rad8 22. a3 bxc4 23. Qxc4 Bb5 24. Qa2 Kh8 25. bxc5 Bxc5 26. Bxd4 Bxd4 27. Rac1 f5 28. Nc7 Bd7 29. exf5 Rxf5 30. Ne4 Rf4 31. Qd5 Qb8 32. Ne6 Bxe6 33. Qxe6 1/2-1/2

[Event "Chigorin Memorial 09th"]
[Site "St Petersburg"]
[Date "2001.10.03"]
[Round "9"]
[White "Kryschilovskij, Andrej"]
[Black "Lysova, Olga"]
[Result "0-1"]
[WhiteElo "2384"]
[BlackElo "2212"]
[PlyCount "50"]
[EventDate "2001.10.26"]
[EventType "swiss"]
[EventRounds "9"]
[EventCountry "RUS"]
[SourceTitle "EXT 2002"]
[Source "ChessBase"]
[SourceDate "2001.11.25"]
[SourceVersion "1"]
[SourceVersionDate "2001.11.25"]
[SourceQuality "1"]

1. d4 f5 2. c4 Nf6 3. Nc3 g6 4. Nf3 Bg7 5. e3 0-0 6. Be2 d6 7. 0-0 c6 8. Rb1 a5 9. a3 Qe8 10. d5 e5 11. dxe6 Qxe6 12. b4 axb4 13. axb4 Nbd7 14. b5 Ne5 15. bxc6 bxc6 16. Nd4 Qf7 17. Qb3 Ne4 18. Na4 Ba6 19. Nb2 c5 20. Nf3 Nc3 21. Nxe5 Nxe2+ 22. Kh1 Bxe5 23. Bd2 Rfb8 24. Qc2 Qf6 25. Nd3 Bxh2 0-1